| 000 | 00457nam a2200193Ia 4500 | ||
|---|---|---|---|
| 003 | OSt | ||
| 005 | 20231201151331.0 | ||
| 008 | 210210b1969 xxu||||| |||| 00| 0 eng d | ||
| 040 | _cAL | ||
| 041 | _aEnglish | ||
| 082 | _a320 PILP | ||
| 100 |
_aPILLAI (T Shankara). _9143979 |
||
| 245 | _aPolitical science. | ||
| 260 |
_aGuntur _bMaruthi Book Depot _c1969 |
||
| 300 | _a704 | ||
| 690 |
_aPolitical Theory _9143980 |
||
| 906 | _a027435 | ||
| 942 |
_2ddc _cBK |
||
| 999 |
_c78723 _d78723 |
||